| 000 | 01275cab a22002295a 4500 | ||
|---|---|---|---|
| 001 | L145276 | ||
| 008 | 080923e20080920xxk f g 000 0 eng d | ||
| 035 | _a(Sirsi) u145276 | ||
| 041 | 0 | _aeng | |
| 100 | 1 | _aSneeden, Katherine | |
| 245 | 0 | 0 | _aGain that extra flooring while you can |
| 260 | _c2008 | ||
| 490 |
_aEstates Gazette _v(0837) 20 September 2008, 143(1) |
||
| 520 | _aArticle states that adding a mezzanine floor can be a simple and effective way to increase retail floorspace and looks at legislative changes that will bring their creation within the control of the standard planning framework in Scotland, Wales and Northern Ireland. Suggests that developers looking to add value for money in the affected areas may do well to start adding a mezzanine now, while transitional arrangements are in place and planning permission may not be required. | ||
| 590 | _aKA | ||
| 650 | 2 | 4 | _aTOWN AND COUNTRY PLANNING (INCREASE IN GROSS FLOOR SPACE) DEVELOPMENT ORDER |
| 650 | 2 | 4 | _aDRAFT PLANNING REFORM (NORTHERN IRELAND) ORDER 2006 |
| 650 | 2 | 4 | _aPLANNING POLICY STATEMENT 5 (RETAILING AND TOWN CENTRES) |
| 651 | 4 |
_aUnited Kingdom _y |
|
| 690 | _aENVIRONMENTAL AND LAND CONSULTANCY-PLANNING AND DEVELOPMENT-DEVELOPMENT CONTROL-PLANNING APPLICATIONS | ||
| 942 | _n0 | ||
| 999 |
_c80758 _d80758 |
||